Statistics for Foods that Start with T

Click here to take the quiz!

General Stats

  • This quiz has been taken 76,362 times
    (20,954 since last reset)
  • The average score is 12 of 16

Answer Stats

Answer% Correct
Taco
99%
Tomato
98%
Tangerine
93%
Turkey
92%
Tofu
91%
Tiramisu
86%
Toblerone
85%
Thyme
75%
Turnip
75%
Truffle
74%
Twinkie
73%
Turmeric
64%
Tortellini
60%
Tempura
50%
Trifle
49%
Tilapia
33%

Score Distribution

Percentile by Number Answered

Percent of People with Each Score

Your Score History

You have not taken this quiz since the last reset